| 000 | 00589nam a2200181 a 4500 | ||
|---|---|---|---|
| 005 | 20140412111414.0 | ||
| 008 | 070703s19uu xx 00 eng d | ||
| 020 | _a0-8193-1097-2 | ||
| 050 |
_aER _bSn1 1983 |
||
| 100 | _aMcPhail, David | ||
| 245 |
_aSnow Lion / _cDavid McPhail. |
||
| 260 |
_aU.S.A, _c1983. |
||
| 520 | _aLion, finding the jungle too hot for comfort, visits the mountains and falls in love with the cold fluffy white snow that covers the ground here. | ||
| 650 | _aLions--Fiction | ||
| 650 | _aSnow--Fiction | ||
| 650 | _aJungle Animals--Fiction | ||
| 999 |
_c105773 _d105773 |
||